Orientación: programa de estudio tercer año básico

Gespeichert in:
Bibliographische Detailangaben
Körperschaft: Ministerio de Educación (VerfasserIn)
Format: Buch
Sprache:Spanisch
Veröffentlicht: Santiago Ministerio de Educación 2013
Ausgabe:1a. ed
Schlagworte:
Tags: Tag hinzufügen
Keine Tags, Fügen Sie den ersten Tag hinzu!

MARC

LEADER 00000cam a2200000 a 4500
001 UCE1858
003 CL-VaPUC
008 140519e20130000cl |||||||||||||||||spa|d
020 |a 9789562924122 
082 0 4 |a 372.8  |b MIN  |2 21 
110 2 |a Ministerio de Educación  |e author  |9 574268 
245 1 0 |a Orientación: programa de estudio tercer año básico 
250 |a 1a. ed 
300 |a 101 p 
942 |c BK 
945 |d 20140519 10:12:00  |a dcastane 
260 |a Santiago  |b Ministerio de Educación  |c 2013 
650 0 |a Educación básica   |9 224933 
650 0 |a Programas de educación  |9 339040 
650 0 |a Relaciones interpersonales  |9 307056 
650 0 |a Psicología educacional   |9 307830 
583 |a last modification  |c 20140519 10:12:00  |k Rodrigo Vera 
999 |c 355542  |d 355540 
952 |0 0  |1 0  |3 erb  |4 0  |6 372_800000000000000_MIN_2013  |7 0  |8 R  |9 462301  |a BIBEDU  |b BIBEDU  |i 507732K  |o 372.8 MIN 2013  |p 507732K  |r 2019-11-23  |w 2019-11-23  |y BK_R  |z Catalogado en:20140519  |k EPE